[Event "4NCL/Div3/SWD2 vs. SLOS3"]
[Site "Sunningdale ENG"]
[Date "2008.05.04"]
[Round "10.3"]
[White "Spice, Alan"]
[Black "Nelson, Omowale"]
[Result "1-0"]
[WhiteElo "2165"]
[BlackElo "2088"]
[PlyCount "71"]
[EventDate "2008.05.04"]
[EventType "team"]
[EventRounds "11"]
[EventCountry "ENG"]
[SourceDate "2007.09.15"]

1. Nc3 d5 2. e4 d4 3. Nce2 c5 4. f4 g6 5. Ng3 Nc6 6. Bb5 Bd7 7. Nf3 Bg7 8. O-O
Qc7 9. d3 a6 10. Ba4 b5 11. Bb3 Na5 12. Bd5 Rd8 13. e5 Nh6 14. Ng5 Bc8 15. Bf3
O-O 16. Qe1 Nc6 17. a4 Nb4 18. Bd1 Rde8 19. axb5 axb5 20. Bd2 Nc6 21. Bf3 b4
22. Bd5 Kh8 23. Qe4 Nd8 24. Rfe1 e6 25. Ba8 Ng8 26. Qe2 f6 27. exf6 Nxf6 28.
Nf3 Nf7 29. Ne4 Nd5 30. Neg5 Nxf4 31. Qe4 Nxg5 32. Nxg5 e5 33. Bxf4 Bf5 34. Qd5
Rd8 35. Bxe5 Rxd5 36. Bxc7 1-0

[Event "4NCL/Div3/SWD2 vs. SLOS3"]
[Site "Sunningdale ENG"]
[Date "2008.05.04"]
[Round "10.4"]
[White "Armstrong, Malcolm"]
[Black "Roberts, David L"]
[Result "1/2-1/2"]
[WhiteElo "2086"]
[BlackElo "2145"]
[PlyCount "50"]
[EventDate "2008.05.04"]
[EventType "team"]
[EventRounds "11"]
[EventCountry "ENG"]
[SourceDate "2007.09.15"]

1. d4 Nf6 2. Nf3 g6 3. Nc3 d5 4. Bf4 Bg7 5. Qd2 O-O 6. Bh6 c5 7. Bxg7 Kxg7 8.
dxc5 Qa5 9. e4 Qxc5 10. exd5 Rd8 11. Rd1 Nc6 12. Be2 Be6 13. Na4 Qxd5 14. Qxd5
Bxd5 15. Nc3 Nb4 16. Rd2 Be4 17. Bd1 Rxd2 18. Kxd2 Rd8+ 19. Kc1 Bc6 20. h3 {=}
Ne4 21. Nxe4 Bxe4 22. a3 Nd5 23. Re1 Nf6 24. Re3 e6 25. Ne1 Bc6 1/2-1/2

[Event "4NCL/Div3/SWD2 vs. SLOS3"]
[Site "Sunningdale ENG"]
[Date "2008.05.04"]
[Round "10.5"]
[White "Morris, Gareth L"]
[Black "Makepeace, Philip J"]
[Result "1-0"]
[WhiteElo "2133"]
[BlackElo "2015"]
[PlyCount "99"]
[EventDate "2008.05.04"]
[EventType "team"]
[EventRounds "11"]
[EventCountry "ENG"]
[SourceDate "2007.09.15"]

1. d4 c5 2. d5 f5 3. c4 d6 4. Nc3 Nf6 5. g3 g6 6. Bg2 Bg7 7. Nh3 O-O 8. Nf4 a6
9. a4 Ng4 10. Qc2 Qe8 11. h3 Ne5 12. b3 Ra7 13. h4 Kh8 14. h5 g5 15. h6 Bf6 16.
Nh5 b6 17. Bb2 Qg6 18. O-O-O Bd7 19. Ng7 b5 20. cxb5 axb5 21. axb5 c4 22. b4
Ng4 23. e4 Nxh6 24. Ne6 Bxe6 25. dxe6 Bg7 26. Rxh6 Bxh6 27. exf5 Qxf5 28. Be4
Qxf2 29. Rh1 Qxc2+ 30. Bxc2 Bg7 31. Bxh7 Rf1+ 32. Rxf1 Kxh7 33. Rf7 Kh6 34. g4
Rb7 35. Rf5 Be5 36. Kc2 Rb6 37. Bc1 Bf4 38. Nd5 Rxb5 39. Nxf4 Rxf5 40. gxf5
gxf4 41. b5 Kg5 42. Bxf4+ Kxf5 43. Bxd6 Nc6 44. bxc6 Kxe6 45. c7 Kd7 46. Be5 e6
47. Kc3 Kc8 48. Kxc4 Kd7 49. Kb5 Kc8 50. Kb6 1-0

[Event "4NCL/Div3/SWD2 vs. SLOS3"]
[Site "Sunningdale ENG"]
[Date "2008.05.04"]
[Round "10.6"]
[White "Syed, Nayeem"]
[Black "Burton, Graham P"]
[Result "1-0"]
[WhiteElo "2023"]
[BlackElo "2064"]
[PlyCount "49"]
[EventDate "2008.05.04"]
[EventType "team"]
[EventRounds "11"]
[EventCountry "ENG"]
[SourceDate "2007.09.15"]

1. d4 Nf6 2. c4 c5 3. e3 e6 4. Nf3 d5 5. cxd5 exd5 6. dxc5 Bxc5 7. Be2 O-O 8.
O-O Nc6 9. a3 Bg4 10. b4 Bd6 11. Bb2 Qe7 12. Nbd2 Rad8 13. Nb3 Bb8 14. Nbd4 Ne4
15. Nxc6 bxc6 16. Nd4 Qd6 17. f4 Bxe2 18. Qxe2 f5 19. Rac1 c5 20. bxc5 Nxc5 21.
Nf3 Ne4 22. Qb5 a6 23. Qd3 Ba7 24. Be5 Qd7 25. Rc7 1-0

[Event "4NCL/Div3/SWD2 vs. SLOS3"]
[Site "Sunningdale ENG"]
[Date "2008.05.04"]
[Round "10.7"]
[White "Miles, Richard"]
[Black "Malhotra, Tarun"]
[Result "1-0"]
[WhiteElo "2071"]
[BlackElo "1670"]
[PlyCount "149"]
[EventDate "2008.05.04"]
[EventType "team"]
[EventRounds "11"]
[EventCountry "ENG"]
[SourceDate "2007.09.15"]

1. d4 e6 2. c4 d5 3. Nc3 Nf6 4. cxd5 exd5 5. Bg5 c6 6. e3 Be7 7. Qc2 h6 8. Bh4
Be6 9. Bd3 Nbd7 10. Nge2 Bd6 11. O-O-O Qc7 12. Kb1 O-O-O 13. Rc1 Kb8 14. Bg3
Bxg3 15. Nxg3 Ng4 16. Bf5 Rc8 17. Qe2 Ngf6 18. Bxe6 fxe6 19. f3 Nb6 20. e4 Rcd8
21. e5 Nh7 22. f4 g6 23. Rhf1 Rhf8 24. Rf2 Rf7 25. Nb5 Qd7 26. Nd6 Rff8 27. Qg4
Rg8 28. Nf1 Nc8 29. Nxc8 Rxc8 30. Ne3 Qe7 31. Qe2 Nf8 32. Ng4 Rh8 33. Nf6 Nd7
34. Nxd7+ Qxd7 35. Qd3 Rhg8 36. g4 Rcf8 37. Qh3 Qh7 38. Rcf1 a6 39. a3 Ka7 40.
Ka2 Ka8 41. f5 gxf5 42. gxf5 exf5 43. Rxf5 Rxf5 44. Qxf5 Qxf5 45. Rxf5 Ka7 46.
Rf6 Rg4 47. Rxh6 Rxd4 48. Kb3 Rd3+ 49. Kc2 Re3 50. Rh5 Re2+ 51. Kd3 Rxb2 52. e6
Rb3+ 53. Kd2 Rb2+ 54. Ke3 Rb3+ 55. Kf4 Rxa3 56. e7 Ra4+ 57. Kf5 Re4 58. Kf6 a5
59. Re5 Rf4+ 60. Kg5 Rf2 61. e8=Q Rg2+ 62. Kf4 Rxh2 63. Re3 Rh4+ 64. Kf3 Re4
65. Rxe4 dxe4+ 66. Kxe4 Kb6 67. Kd4 Kb5 68. Qe2+ Ka4 69. Qa2+ Kb5 70. Qb3+ Ka6
71. Kc5 b5 72. Kxc6 b4 73. Qg8 Ka7 74. Qf7+ Kb8 75. Qb7# 1-0

[Event "4NCL/Div3/ANGA1 vs. FCA1"]
[Site "Sunningdale ENG"]
[Date "2008.05.04"]
[Round "10.1"]
[White "Talsma, Paul A"]
[Black "Hetey, Laszlo"]
[Result "1/2-1/2"]
[WhiteElo "2235"]
[BlackElo "2343"]
[PlyCount "81"]
[EventDate "2008.05.04"]
[EventType "team"]
[EventRounds "11"]
[EventCountry "ENG"]
[SourceDate "2007.09.15"]

1. d4 Nf6 2. c4 e6 3. Nc3 Bb4 4. f3 d5 5. a3 Bxc3+ 6. bxc3 c5 7. cxd5 Nxd5 8.
dxc5 Qa5 9. e4 Nf6 10. Be3 O-O 11. Qb3 Nfd7 12. Rd1 Qc7 13. Qc4 Na6 14. c6 bxc6
15. Nh3 Nb6 16. Qd4 Bb7 17. Bf4 Qc8 18. Be2 f6 19. Qd6 Rd8 20. Qe7 Re8 21. Qd6
Rd8 22. Qxd8+ Qxd8 23. Rxd8+ Rxd8 24. Be3 Nc7 25. O-O Ba6 26. Rd1 Rxd1+ 27.
Bxd1 Bc4 28. a4 Kf7 29. Kf2 e5 30. f4 h6 31. f5 Ke8 32. Kf3 Bf7 33. Nf2 Bc4 34.
Bc2 Nc8 35. Nd3 a6 {=} 36. Bc5 Kd7 37. Nb2 Bf7 38. Bd3 Nd6 39. Bb6 g6 40. g4 h5
41. h3 1/2-1/2

[Event "4NCL/Div3/ANGA1 vs. FCA1"]
[Site "Sunningdale ENG"]
[Date "2008.05.04"]
[Round "10.2"]
[White "Tippleston, Charles"]
[Black "Player, Edmund C"]
[Result "1-0"]
[WhiteElo "2185"]
[BlackElo "2133"]
[PlyCount "117"]
[EventDate "2008.05.04"]
[EventType "team"]
[EventRounds "11"]
[EventCountry "ENG"]
[SourceDate "2007.09.15"]

1. Nf3 d5 2. b3 Nf6 3. e3 e6 4. Bb2 Be7 5. Be2 O-O 6. O-O b6 7. c4 c6 8. d3 Bb7
9. Nbd2 Nbd7 10. e4 dxe4 11. dxe4 Qc7 12. Qc2 e5 13. Qc3 Bd6 14. Rfe1 Rfe8 15.
Bd3 Nc5 16. Bc2 Nfd7 17. Nf1 Ne6 18. Ne3 Nd4 19. Bd1 Rad8 20. Nh4 Nc5 21. Nef5
Bf8 22. Qg3 Nxf5 23. Nxf5 Nd3 24. Re2 Nxb2 25. Rxb2 Bc8 26. Re2 Bxf5 27. exf5
f6 28. Bc2 Rd4 29. Be4 Red8 30. h3 b5 31. cxb5 cxb5 32. Rc2 Qd7 33. Qf3 a6 34.
g3 Ba3 35. Kg2 Rd2 36. Re1 Rxc2 37. Bxc2 Bc5 38. Rd1 Bd4 39. Be4 h6 40. Rc1 Bb6
41. Rc6 Qd4 42. b4 a5 43. bxa5 Bxa5 44. Bc2 Kh8 45. Bb3 Be1 46. Rc2 b4 47. Rc4
Qb6 48. h4 Kh7 {=} 49. Rc1 e4 50. Qe2 Bd2 51. Rc2 Qb7 52. Kh2 Bc3 53. Qg4 Kh8
54. Re2 Rd4 55. Qh5 Qe7 56. Be6 Qf8 57. f3 exf3 58. Qxf3 Qd8 59. Bf7 1-0

[Event "4NCL/Div3/ANGA1 vs. FCA1"]
[Site "Sunningdale ENG"]
[Date "2008.05.04"]
[Round "10.3"]
[White "Spence, David"]
[Black "Macdonald-Ross, Michael"]
[Result "1-0"]
[WhiteElo "2198"]
[BlackElo "2159"]
[PlyCount "31"]
[EventDate "2008.05.04"]
[EventType "team"]
[EventRounds "11"]
[EventCountry "ENG"]
[SourceDate "2007.09.15"]

1. e4 d6 2. d4 Nf6 3. Nc3 c6 4. f4 Qa5 5. e5 Ne4 6. Qf3 Nxc3 7. Bd2 Bf5 8. Bd3
g6 9. bxc3 Qd5 10. Kf2 Nd7 11. Bxf5 gxf5 12. Qd3 Qe4 13. Nf3 Qxd3 14. cxd3 e6
15. Rhb1 O-O-O 16. Ng5 1-0

[Event "4NCL/Div3/ANGA1 vs. FCA1"]
[Site "Sunningdale ENG"]
[Date "2008.05.04"]
[Round "10.4"]
[White "Smith, Graham"]
[Black "Gregory, Stephen J"]
[Result "0-1"]
[WhiteElo "2105"]
[BlackElo "2179"]
[PlyCount "54"]
[EventDate "2008.05.04"]
[EventType "team"]
[EventRounds "11"]
[EventCountry "ENG"]
[SourceDate "2007.09.15"]

1. e4 d5 2. exd5 Qxd5 3. Nc3 Qa5 4. d4 Nf6 5. Nf3 c6 6. Bd2 Bg4 7. h3 Bxf3 8.
Qxf3 Nbd7 9. Bc4 e6 10. O-O-O Qb6 11. Be3 Nd5 12. Ne4 Be7 13. Ng5 N7f6 14. Bb3
O-O 15. c4 Nxe3 16. fxe3 c5 17. h4 Rac8 18. d5 exd5 19. cxd5 c4 20. Bc2 c3 21.
Bb3 cxb2+ 22. Kxb2 Bd6 23. Rc1 Qb4 24. Qf5 Qd2+ 25. Rc2 Rxc2+ 26. Bxc2 Qxe3 27.
Nxh7 Qe5+ 0-1

[Event "4NCL/Div3/ANGA1 vs. FCA1"]
[Site "Sunningdale ENG"]
[Date "2008.05.04"]
[Round "10.5"]
[White "Munson, Shaun D"]
[Black "Reuben, Stewart"]
[Result "1/2-1/2"]
[WhiteElo "2181"]
[BlackElo "2129"]
[PlyCount "45"]
[EventDate "2008.05.04"]
[EventType "team"]
[EventRounds "11"]
[EventCountry "ENG"]
[SourceDate "2007.09.15"]

1. d4 Nf6 2. Bg5 d6 3. Nc3 Nbd7 4. e4 e5 5. Nf3 Be7 6. Be2 O-O 7. O-O h6 8. Bh4
c6 9. dxe5 Nxe5 10. Bg3 Nxf3+ 11. Bxf3 Be6 12. Qe2 b5 13. Rfd1 b4 14. e5 bxc3
15. exd6 cxb2 16. Rab1 Nd5 17. dxe7 Qxe7 18. Bxd5 cxd5 19. Rxb2 Qa3 {=} 20. Be5
f6 21. Rb3 Qa4 22. Bd4 Bf5 23. c3 1/2-1/2

[Event "4NCL/Div3/ANGA1 vs. FCA1"]
[Site "Sunningdale ENG"]
[Date "2008.05.04"]
[Round "10.6"]
[White "Fraser-Mitchell, Jeremy"]
[Black "Savage, Nicholas W"]
[Result "1/2-1/2"]
[WhiteElo "2036"]
[BlackElo "2105"]
[PlyCount "61"]
[EventDate "2008.05.04"]
[EventType "team"]
[EventRounds "11"]
[EventCountry "ENG"]
[SourceDate "2007.09.15"]

1. d4 Nf6 2. c4 g6 3. Nc3 d5 4. Bg5 Bg7 5. Bxf6 Bxf6 6. Nxd5 Bg7 7. e3 c5 8.
Nf3 Nc6 9. Qa4 e6 10. Nc3 cxd4 11. Rd1 O-O 12. c5 Bd7 13. Ne4 Qc7 14. Qa3 e5
15. b4 a5 16. b5 Nb4 17. Qb3 Bf5 18. Nfd2 dxe3 19. fxe3 Rad8 20. Bc4 Rxd2 21.
Rxd2 Bxe4 22. O-O Bh6 23. Rdf2 Qxc5 24. Rxf7 Qxe3+ 25. Kh1 Rxf7 26. Rxf7 Kh8
27. Qd1 Qc1 28. Rf8+ Kg7 29. Rf7+ Kh8 30. Rf8+ Kg7 31. Rf7+ 1/2-1/2

[Event "4NCL/Div3/ANGA1 vs. FCA1"]
[Site "Sunningdale ENG"]
[Date "2008.05.04"]
[Round "10.7"]
[White "Cook, Michael"]
[Black "Freeman, Richard C P"]
[Result "1/2-1/2"]
[WhiteElo "2071"]
[BlackElo "2088"]
[PlyCount "31"]
[EventDate "2008.05.04"]
[EventType "team"]
[EventRounds "11"]
[EventCountry "ENG"]
[SourceDate "2007.09.15"]

1. d4 g6 2. Nf3 Bg7 3. c3 d6 4. h3 Nd7 5. Bg5 Ngf6 6. Nbd2 O-O 7. e4 e5 8. dxe5
dxe5 9. Bc4 h6 10. Bh4 c6 11. Nh2 Qc7 12. O-O Nc5 13. Re1 Ne6 14. Bxf6 Bxf6 15.
g3 Bg7 16. Nhf3 1/2-1/2

[Event "4NCL/Div3/ANGA1 vs. FCA1"]
[Site "Sunningdale ENG"]
[Date "2008.05.04"]
[Round "10.8"]
[White "Evans, Helen"]
[Black "Boulton, William"]
[Result "1/2-1/2"]
[WhiteElo "1695"]
[BlackElo "1940"]
[PlyCount "40"]
[EventDate "2008.05.04"]
[EventType "team"]
[EventRounds "11"]
[EventCountry "ENG"]
[SourceDate "2007.09.15"]

1. e4 e5 2. Nc3 Nf6 3. Bc4 Nc6 4. d3 Bb4 5. Nf3 h6 6. Bd2 d6 7. a3 Ba5 8. h3
O-O 9. O-O Be6 10. Nd5 Bxd2 11. Qxd2 Bxd5 12. Bxd5 Nxd5 13. exd5 Ne7 14. c4 Re8
15. Rfe1 Ng6 16. Qc2 Qf6 17. Re3 Re7 18. Nd2 Qf5 19. Ne4 Qd7 20. Rg3 Kh7
1/2-1/2

[Event "4NCL/Div3/SLOS2 vs. WWKS"]
[Site "Sunningdale ENG"]
[Date "2008.05.05"]
[Round "11.1"]
[White "Cox, Tristan"]
[Black "Thomas, Nicholas"]
[Result "0-1"]
[WhiteElo "2154"]
[BlackElo "2304"]
[PlyCount "48"]
[EventDate "2008.05.05"]
[EventType "team"]
[EventRounds "11"]
[EventCountry "ENG"]
[SourceDate "2007.09.15"]

1. Nf3 e6 2. c4 b6 3. g3 Bb7 4. Bg2 f5 5. O-O Nf6 6. Nc3 Bb4 7. Qc2 O-O 8. a3
Bxc3 9. Qxc3 a5 10. b3 Qe7 11. Bb2 d6 12. Qc2 Nbd7 13. b4 f4 14. c5 bxc5 15.
bxc5 Nxc5 16. gxf4 Bd5 17. Rab1 a4 18. Rfc1 Bb3 19. Qc3 Nd5 20. Qxg7+ Qxg7 21.
Bxg7 Kxg7 22. Ng5 Nxf4 23. Rxc5 dxc5 24. Bxa8 Rxa8 0-1

[Event "4NCL/Div3/SLOS2 vs. WWKS"]
[Site "Sunningdale ENG"]
[Date "2008.05.05"]
[Round "11.2"]
[White "Mason, Don"]
[Black "Varnam, Liam D"]
[Result "1/2-1/2"]
[WhiteElo "2249"]
[BlackElo "2053"]
[PlyCount "93"]
[EventDate "2008.05.05"]
[EventType "team"]
[EventRounds "11"]
[EventCountry "ENG"]
[SourceDate "2007.09.15"]

1. e4 e5 2. Nf3 Nc6 3. Bb5 a6 4. Ba4 Nf6 5. O-O Nxe4 6. d4 b5 7. Bb3 d5 8. dxe5
Be6 9. Nbd2 Nc5 10. c3 d4 11. Bxe6 Nxe6 12. cxd4 Ncxd4 13. Nxd4 Nxd4 14. Ne4
Be7 15. Be3 Nf5 16. Qg4 g6 17. Rad1 Qc8 18. Nf6+ Bxf6 19. exf6 O-O 20. Qf4 h5
21. h3 h4 22. g4 hxg3 23. fxg3 Qe6 24. Rde1 Qd6 25. Qxd6 Nxd6 26. Bc5 Rfe8 27.
Re7 Rxe7 28. fxe7 Re8 29. Re1 Nb7 30. Bd4 f5 31. Re6 Kf7 32. Rxa6 Nd6 33. Be5
Rxe7 34. Bxd6 cxd6 35. Kf2 Rc7 36. Ke3 Rc2 37. b3 Ke6 38. Rb6 Rxa2 39. h4 Ra1
40. Rxb5 Re1+ 41. Kf3 Rf1+ 42. Ke2 Rg1 43. Kf2 Rb1 44. Rb8 Ke7 45. b4 Rb3 46.
Rg8 Kf6 47. Rb8 1/2-1/2

[Event "4NCL/Div3/SLOS2 vs. WWKS"]
[Site "Sunningdale ENG"]
[Date "2008.05.05"]
[Round "11.3"]
[White "Edgell, Ben P"]
[Black "James, Russell A"]
[Result "1/2-1/2"]
[WhiteElo "2089"]
[BlackElo "2223"]
[PlyCount "39"]
[EventDate "2008.05.05"]
[EventType "team"]
[EventRounds "11"]
[EventCountry "ENG"]
[SourceDate "2007.09.15"]

1. d4 Nf6 2. Nf3 e6 3. g3 c5 4. c4 d5 5. cxd5 exd5 6. Bg2 Nc6 7. O-O Be7 8. Nc3
O-O 9. Bg5 cxd4 10. Nxd4 h6 11. Bf4 Bg4 12. h3 Bd7 13. Ndb5 Be6 14. Nd4 Nxd4
15. Qxd4 Qd7 16. Rfd1 Rfd8 17. e4 dxe4 18. Qxd7 Rxd7 19. Rxd7 Bxd7 20. Nxe4
1/2-1/2

[Event "4NCL/Div3/SLOS2 vs. WWKS"]
[Site "Sunningdale ENG"]
[Date "2008.05.05"]
[Round "11.4"]
[White "Shephard, Chris C W"]
[Black "Foster, James J"]
[Result "1-0"]
[WhiteElo "2214"]
[BlackElo "2091"]
[PlyCount "87"]
[EventDate "2008.05.05"]
[EventType "team"]
[EventRounds "11"]
[EventCountry "ENG"]
[SourceDate "2007.09.15"]

1. c4 c5 2. Nf3 Nc6 3. Nc3 e5 4. g3 g6 5. Bg2 Bg7 6. O-O Nge7 7. Ne1 O-O 8. Nc2
d6 9. Ne3 f5 10. Ned5 Be6 11. d3 a6 12. Bg5 h6 13. Bxe7 Nxe7 14. a4 Rb8 15. a5
Nc6 16. Qa4 f4 17. Be4 Bf5 18. b4 Bxe4 19. Nxe4 cxb4 20. f3 Nd4 21. Kf2 b3 22.
Rfb1 Rf5 23. Rxb3 fxg3+ 24. hxg3 Rh5 25. Kg2 Nxe2 26. Rb6 Nxg3 27. Nxg3 Qg5 28.
Re1 Rf8 29. Rxb7 Qd2+ 30. Re2 Qxd3 31. Qb3 Qxb3 32. Rxb3 Rg5 33. Re4 h5 34. Rb6
Rf4 35. Kf2 h4 36. Nf1 Rxe4 37. fxe4 Rg4 38. Rxa6 Rxe4 39. Rc6 Rg4 40. a6 e4
41. Rc8+ Kh7 42. Rc7 Kh6 43. Rxg7 h3 44. Rh7+ 1-0

[Event "4NCL/Div3/SLOS2 vs. WWKS"]
[Site "Sunningdale ENG"]
[Date "2008.05.05"]
[Round "11.5"]
[White "Russell, Chris"]
[Black "Page, Mark"]
[Result "1/2-1/2"]
[WhiteElo "2054"]
[BlackElo "2165"]
[PlyCount "105"]
[EventDate "2008.05.05"]
[EventType "team"]
[EventRounds "11"]
[EventCountry "ENG"]
[SourceDate "2007.09.15"]

1. e4 c5 2. c3 Nf6 3. e5 Nd5 4. g3 d6 5. exd6 e6 6. Bg2 Bxd6 7. Nf3 O-O 8. O-O
Nc6 9. d4 cxd4 10. Nxd4 Nxd4 11. Qxd4 Qf6 12. Qxf6 Nxf6 13. Rd1 Be7 14. Bf4 Nd5
15. Bxd5 exd5 16. Rxd5 Be6 17. Rd1 Rfd8 18. Rxd8+ Rxd8 19. Nd2 b5 20. a3 g5 21.
Be3 g4 22. Rc1 Bc5 23. Bh6 f5 24. Re1 Kf7 25. Re5 Bd5 26. Kf1 Kf6 27. Bf4 Bb6
28. Re1 a6 29. Be3 Bxe3 30. Rxe3 h5 31. Ke2 h4 32. f3 hxg3 33. hxg3 Rh8 34.
fxg4 Rh2+ 35. Kd1 fxg4 36. b3 Kf5 37. c4 bxc4 38. bxc4 Bf3+ 39. Nxf3 gxf3 40.
Rxf3+ Ke4 41. Rc3 Kd4 42. Rc2 Rh1+ 43. Kd2 Rg1 44. c5 Rxg3 45. c6 Rg2+ 46. Kc1
Rg8 47. c7 Rc8 48. Kb2 Kd5 49. Kb3 Kd6 50. Kb4 Rxc7 51. Rd2+ Kc6 52. Ka5 Kb7
53. Rd5 1/2-1/2

[Event "4NCL/Div3/SLOS2 vs. WWKS"]
[Site "Sunningdale ENG"]
[Date "2008.05.05"]
[Round "11.6"]
[White "Baruch, Andrew J D"]
[Black "Armstrong, Malcolm"]
[Result "1-0"]
[WhiteElo "2075"]
[BlackElo "2086"]
[PlyCount "57"]
[EventDate "2008.05.05"]
[EventType "team"]
[EventRounds "11"]
[EventCountry "ENG"]
[SourceDate "2007.09.15"]

1. c4 Nf6 2. g3 c5 3. Bg2 Nc6 4. Nc3 g6 5. Nf3 Bg7 6. O-O O-O 7. d4 cxd4 8.
Nxd4 a6 9. Nc2 d6 10. b3 Qc7 11. Bb2 Bd7 12. Nd5 Nxd5 13. Bxg7 Kxg7 14. cxd5
Ne5 15. h3 Rac8 16. Ne3 Qb6 17. Qd2 f5 18. f4 Nf7 19. Kh2 h5 20. Nc4 Qa7 21.
Rac1 Nh6 22. Qa5 Rc5 23. Qb6 Qxb6 24. Nxb6 Bb5 25. Bf3 Rf6 26. b4 Rxc1 27. Rxc1
Nf7 28. a4 Be8 29. Rc8 1-0

[Event "4NCL/Div3/SLOS2 vs. WWKS"]
[Site "Sunningdale ENG"]
[Date "2008.05.05"]
[Round "11.7"]
[White "Purton, Ben J"]
[Black "Galloway, Iain"]
[Result "1/2-1/2"]
[WhiteElo "2105"]
[BlackElo "2139"]
[PlyCount "63"]
[EventDate "2008.05.05"]
[EventType "team"]
[EventRounds "11"]
[EventCountry "ENG"]
[SourceDate "2007.09.15"]

1. e4 c5 2. Nf3 d6 3. Bb5+ Bd7 4. Bxd7+ Qxd7 5. c4 g6 6. O-O Bg7 7. d4 cxd4 8.
Nxd4 Nc6 9. Be3 Nf6 10. f3 O-O 11. Nc3 Ne8 12. Qd2 Nc7 13. Rfd1 Ne6 14. Nxe6
Qxe6 15. Nd5 Rac8 16. Rac1 Rfe8 17. a4 f5 18. exf5 Qxf5 19. b3 b6 20. b4 e6 21.
Nf4 Ne5 22. Qxd6 Nxc4 23. Qd7 e5 24. Qd5+ Qf7 25. Qxf7+ Kxf7 26. Rd7+ Re7 27.
Rxe7+ Kxe7 {=} 28. Nh3 Nd6 29. Rxc8 Nxc8 30. Ng5 h6 31. Ne4 Ke6 32. Nc3 1/2-1/2

[Event "4NCL/Div3/SLOS2 vs. WWKS"]
[Site "Sunningdale ENG"]
[Date "2008.05.05"]
[Round "11.8"]
[White "James, Ann-Marie"]
[Black "Malhotra, Tarun"]
[Result "1-0"]
[WhiteElo "2050"]
[BlackElo "1670"]
[PlyCount "111"]
[EventDate "2008.05.05"]
[EventType "team"]
[EventRounds "11"]
[EventCountry "ENG"]
[SourceDate "2007.09.15"]

1. e4 e5 2. Nf3 Nc6 3. d4 exd4 4. Nxd4 Be7 5. Nc3 a6 6. Bc4 Ne5 7. Bb3 Bb4 8.
O-O Bxc3 9. bxc3 Ne7 10. Qh5 N5g6 11. Nf5 O-O 12. Bg5 Kh8 13. Nxg7 f6 14. Bh6
d6 15. Nf5 Nxf5 16. exf5 Ne5 17. Bxf8 Qxf8 18. Rfe1 Bd7 19. f4 Nc6 20. Re3 Be8
21. Qh4 Bd7 22. Rae1 a5 23. Rg3 Ne7 24. Qh5 Bxf5 25. Qe2 Nc6 26. Rg8+ Qxg8 27.
Bxg8 Rxg8 28. Qb5 Bc8 29. Qh5 b6 30. Qf7 h6 31. Re8 Rxe8 32. Qxe8+ Kg7 33. Qxc8
Ne7 34. Qxc7 Kf7 35. Qxd6 b5 36. Qd7 b4 37. cxb4 axb4 38. Qb7 Ke6 39. Qxb4 Nd5
40. Qb8 Ne7 41. a4 Nc6 42. Qc7 Kd5 43. a5 Kc5 44. a6 Kb5 45. a7 Nxa7 46. Qxa7
Kc4 47. Kf2 Kc3 48. Ke2 Kxc2 49. Qc5+ Kb3 50. Kd3 f5 51. Qc3+ Ka4 52. Qb2 Ka5
53. Kc4 Ka6 54. Kc5 Ka7 55. Kc6 Ka8 56. Qb7# 1-0

[Event "4NCL/Div3/FCA1 vs. WES2"]
[Site "Sunningdale ENG"]
[Date "2008.05.05"]
[Round "11.1"]
[White "Hetey, Laszlo"]
[Black "Yeo, Michael J"]
[Result "1-0"]
[WhiteElo "2343"]
[BlackElo "2120"]
[PlyCount "57"]
[EventDate "2008.05.05"]
[EventType "team"]
[EventRounds "11"]
[EventCountry "ENG"]
[SourceDate "2007.09.15"]

1. d4 d5 2. Nf3 Nc6 3. Bf4 Bg4 4. e3 e6 5. c4 Bb4+ 6. Nc3 Nf6 7. a3 Bxc3+ 8.
bxc3 O-O 9. h3 Bxf3 10. Qxf3 Ne4 11. Bd3 f5 12. cxd5 exd5 13. Bxe4 fxe4 14. Qg3
Rf7 15. O-O Na5 16. f3 Nc4 17. Ra2 Qe7 18. Bg5 Qd6 19. Qxd6 cxd6 20. Bf4 Re8
21. Kf2 Ref8 22. Rb1 a6 23. h4 h6 24. a4 exf3 25. gxf3 g5 26. hxg5 hxg5 27. Rg1
Nxe3 28. Rxg5+ Kh7 29. Kxe3 1-0

[Event "4NCL/Div3/FCA1 vs. WES2"]
[Site "Sunningdale ENG"]
[Date "2008.05.05"]
[Round "11.2"]
[White "Rutter, Nicholas"]
[Black "Tippleston, Charles"]
[Result "0-1"]
[WhiteElo "2186"]
[BlackElo "2185"]
[PlyCount "128"]
[EventDate "2008.05.05"]
[EventType "team"]
[EventRounds "11"]
[EventCountry "ENG"]
[SourceDate "2007.09.15"]

1. e4 c5 2. Nf3 e6 3. d4 cxd4 4. Nxd4 Nf6 5. Nc3 Nc6 6. Ndb5 d6 7. Bf4 e5 8.
Bg5 a6 9. Na3 b5 10. Bxf6 gxf6 11. Nd5 f5 12. c3 Bg7 13. exf5 Bxf5 14. Nc2 O-O
15. Nce3 Bd7 16. g4 e4 17. Bg2 Re8 18. Qc2 Rc8 19. Bxe4 Bxg4 20. Rg1 Nd4 21.
Qd3 Nf3+ 22. Bxf3 Bxf3 23. Rg3 Bxd5 24. Qxd5 Qf6 25. O-O-O Kh8 26. Qd3 b4 27.
Nd5 Qh6+ 28. Kb1 bxc3 29. Nxc3 Be5 30. Rh3 Qg6 31. Qxg6 fxg6 32. Nd5 Rb8 33. b3
Rf8 34. Ne7 Kg7 35. Nc6 Rb7 36. Nxe5 dxe5 37. Rd2 Rbf7 38. Kc2 Rxf2 39. a4 Rc8+
40. Kd1 Rxd2+ 41. Kxd2 h5 42. Kd3 Kf6 43. Ke4 Rd8 44. Rc3 Rd4+ 45. Kf3 Kf5 46.
a5 g5 47. Rc6 Rd3+ 48. Kg2 Rxb3 49. Rxa6 Rb2+ 50. Kg1 Ra2 51. Ra8 Kg4 52. a6
Kf3 53. Rf8+ Ke4 54. Ra8 g4 55. a7 h4 56. Rg8 Rxa7 57. Rxg4+ Kf3 58. h3 e4 59.
Rxh4 e3 60. Rh8 Ra1+ 61. Kh2 e2 62. Rf8+ Ke3 63. Re8+ Kd3 64. Rd8+ Kc4 0-1

[Event "4NCL/Div3/FCA1 vs. WES2"]
[Site "Sunningdale ENG"]
[Date "2008.05.05"]
[Round "11.3"]
[White "Reuben, Stewart"]
[Black "Gregory, Keith D"]
[Result "1-0"]
[WhiteElo "2129"]
[BlackElo "2087"]
[PlyCount "77"]
[EventDate "2008.05.05"]
[EventType "team"]
[EventRounds "11"]
[EventCountry "ENG"]
[SourceDate "2007.09.15"]

1. c4 d6 2. g3 g6 3. Bg2 Bg7 4. Nc3 Nf6 5. d4 O-O 6. e4 Nfd7 7. Nge2 e5 8. Be3
Nc6 9. Qd2 exd4 10. Nxd4 Nde5 11. Nxc6 bxc6 12. b3 Bh3 13. O-O Qf6 14. f4 Bxg2
15. Qxg2 Ng4 16. Bd2 Qe7 17. Rae1 Qd7 18. h3 Nh6 19. g4 f6 20. Ne2 Nf7 21. Bc3
c5 22. Ng3 Rae8 23. Qb2 Nd8 24. f5 g5 25. Nh5 Qe7 26. Re3 Nc6 27. Rd1 Ne5 28.
Rd5 Rf7 29. Bxe5 fxe5 30. Qa3 c6 31. Rd1 Bf8 32. Red3 Rd8 33. Qc1 h6 34. f6 Qe6
35. Rf3 d5 36. Rf5 Rh7 37. Qc3 d4 38. Qg3 Re8 39. h4 1-0

[Event "4NCL/Div3/FCA1 vs. WES2"]
[Site "Sunningdale ENG"]
[Date "2008.05.05"]
[Round "11.4"]
[White "Pleasants, Allan J"]
[Black "Smith, Graham"]
[Result "1-0"]
[WhiteElo "2095"]
[BlackElo "2105"]
[PlyCount "81"]
[EventDate "2008.05.05"]
[EventType "team"]
[EventRounds "11"]
[EventCountry "ENG"]
[SourceDate "2007.09.15"]

1. e4 c5 2. Nf3 e6 3. d4 cxd4 4. Nxd4 Bc5 5. Be3 Qb6 6. Nb5 Bxe3 7. fxe3 Qxe3+
8. Be2 Na6 9. Nd6+ Ke7 10. Nc3 Nh6 11. Rf1 f6 12. Nc4 Qc5 13. Qd2 b5 14. Ne3
Nc7 15. O-O-O Rd8 16. g4 Nf7 17. h4 h6 18. g5 hxg5 19. Bh5 gxh4 20. Bxf7 Kxf7
21. Ng4 Qh5 22. Qf4 Ne8 23. Nd5 Bb7 24. Ndxf6 Nxf6 25. Nxf6 Qh6 26. Qxh6 gxh6
27. Nxd7+ Ke7 28. Nc5 Rxd1+ 29. Rxd1 Bc6 30. Rh1 Rh8 31. Rxh4 h5 32. Kd2 Rh6
33. Ke3 Kf6 34. Nd3 Kg5 35. Rh1 h4 36. Ne5 Be8 37. Nf3+ Kg4 38. Rg1+ Kh3 39.
Ng5+ Kh2 40. Nf3+ Kh3 {=} 41. Kf2 1-0